00464nam a2200085Ia 4500008004100000245002200041300025300063650001100316856005100327170517s9999 xx 000 0 und d aFiefdom of Speech aThe right to freedom of expression is recognized as a human right under Article 19 of the Universal Declaration of Human Rights and recognized in international human rights law in the International Covenant on Civil and Political Rights. Article... xMedia. uhttp://topdocumentaryfilms.com/fiefdom-speech/